[Event "Norway Chess 2024"]
[Site "Stavanger, Norway"]
[Date "2024.05.27"]
[Round "1.1"]
[White "Ding, Liren"]
[Black "Carlsen, Magnus"]
[Result "1/2-1/2"]
[WhiteElo "2762"]
[BlackElo "2830"]
[Annotator "Stockfish 16.1 - Chessbase"]
[PlyCount "27"]
[GameId "2053146191677893"]
[EventDate "2024.??.??"]

{[%evp 0,27,34,35,22,-7,-8,-5,1,-23,-11,-3,-4,-30,61,-5,22,41,37,6,6,-27,3,-13,-35,-35,-29,-35,-34,-11]} 1. d4 Nf6 2. c4 e6 3. Nf3 d5 4. g3 Be7 5. Bg2 O-O 6. O-O c6 7. Qc2 b6 8. Bf4 Bb7 9. Rd1 Nbd7 10. Ne5 Nh5 11. Bd2 Nhf6 12. Bf4 Nh5 13. Bd2 Nhf6 $146 14. Bf4 ({RR} 14. cxd5 cxd5 15. Nc6 Bxc6 16. Qxc6 Qc8 17. Qa4 Qb7 18. Nc3 Rac8 19. e3 a6 20. Rdc1 Rc7 21. Ne2 Rfc8 22. Rxc7 Rxc7 23. Rc1 Rxc1+ 24. Nxc1 Qc8 25. Nd3 Ne4 26. Be1 g6 27. Bf1 Kg7 28. Kg2 Bf8 {Donchenko,A (2563)-Neiksans,A (2599) Chartres 2017 ½-½ (60)}) ({RR} 14. cxd5 cxd5 15. Nc6 Bxc6 16. Qxc6 Rc8 17. Qb5 Ne8 18. Qd3 Nd6 19. Bc3 f5 20. Nd2 Ne4 21. Rac1 Ndf6 22. f3 Nd6 23. e4 fxe4 24. fxe4 Nfxe4 25. Nxe4 Nxe4 26. Bxe4 dxe4 27. Qxe4 Qd5 28. Re1 Bf6 {Saduakassova,D (2519)-Keymer,V (2527) Wijk aan Zee NED 2020 0-1 (80)}) 1/2-1/2

[Event "Norway Chess 2024"]
[Site "Stavanger, Norway"]
[Date "2024.05.27"]
[Round "1.2"]
[White "Praggnanandhaa R"]
[Black "Firouzja, Alireza"]
[Result "1/2-1/2"]
[WhiteElo "2747"]
[BlackElo "2737"]
[Annotator "Stockfish 16.1 - Chessbase"]
[PlyCount "87"]
[GameId "2053142232000715"]
[EventDate "2024.??.??"]

1. d4 {[%eval 14,0]} d5 {[%eval 24,0]} 2. c4 {[%eval 25,0]} e6 {[%eval 24,0]} 3. Nf3 {[%eval 16,0]} Nf6 {[%eval 19,0]} 4. g3 {[%eval 15,0]} dxc4 {[%eval 33,0]} 5. Bg2 {[%eval 2,0]} c5 {[%eval 26,0]} 6. O-O {[%eval 28,0]} Nc6 {[%eval 28,0]} 7. Qa4 {[%eval 2,0]} Bd7 {[%eval 13,0]} 8. dxc5 {[%eval 18,0]} Bxc5 {[%eval 16,0]} 9. Qxc4 {[%eval 16,0]} Bb6 $146 {[%eval 24,0]} ({RR} 9... Be7 10. Rd1 O-O 11. Bf4 Qb6 12. b3 Nd5 13. Nc3 Bf6 14. Na4 Qa5 15. Bd2 b5 16. Bxa5 bxc4 17. bxc4 Nxa5 18. Nc5 Bxa1 19. Nxd7 Rfd8 20. cxd5 Rxd7 21. Rxa1 exd5 22. Nd4 Rc8 23. e3 g6 24. Rd1 {0-1 Oliveira,T (1964)-Sultanbek,Z (2107) Titled Tue 26th Mar Late chess.com INT 2024 (3)}) 10. Nc3 {[%eval 28,0]} Rc8 {[%eval 28,0]} 11. Qh4 {[%eval 27,0]} Nd5 {[%eval 36,0]} 12. Bg5 {[%eval 27,0]} f6 {[%eval 26,0]} 13. Bd2 {[%eval 26,0]} Nxc3 {[%eval 39,0]} 14. Bxc3 {[%eval 37,0]} O-O {[%eval 33,0]} 15. Rad1 {[%eval 16,0]} Qe7 {[%eval 14,0]} 16. Nd2 {[%eval 19,0]} e5 {[%eval 2,0]} 17. Be4 {[%eval 9,0]} g6 {[%eval 18,0]} 18. Nf3 {[%eval 12,0]} Be6 {[%eval 2,0]} 19. a3 {[%eval 0,0]} Rc7 {[%eval 0,0]} 20. Rd2 {[%eval 0,0]} Rd7 {[%eval 8,0]} 21. Rfd1 {[%eval 0,0]} Rxd2 {[%eval 0,0]} 22. Rxd2 {[%eval 0,0]} Rd8 {[%eval 0,0]} 23. e3 {[%eval 0,0]} Rxd2 {[%eval 0,0]} 24. Nxd2 {[%eval 5,0]} Qd8 {[%eval 15,0]} 25. Bf3 {[%eval 3,0]} Kg7 {[%eval 1,0]} 26. Qa4 {[%eval 4,0]} Bd5 {[%eval 16,0]} 27. Qb5 {[%eval 0,0]} Ne7 {[%eval 1,0]} 28. Be4 {[%eval 0,0]} a6 {[%eval 0,0]} 29. Qd3 {[%eval 0,0]} Bxe4 {[%eval 0,0]} 30. Qxe4 {[%eval 0,0]} Nd5 {[%eval 0,0]} 31. Qd3 {[%eval 0,0]} Nxc3 {[%eval 8,0]} 32. Qxc3 {[%eval 9,0]} Qd5 {[%eval 1,0]} 33. Qc2 {[%eval 5,0]} f5 {[%eval 7,0]} 34. Qc3 {[%eval 2,0]} Kf7 {[%eval 3,0]} 35. Kf1 {[%eval 0,0]} e4 {[%eval 0,0]} 36. Ke1 {[%eval 0,0]} Ba5 {[%eval 0,0]} 37. b4 {[%eval 0,0]} Bd8 {[%eval 0,0]} 38. Kd1 {[%eval 17,0]} Bf6 {[%eval 7,0]} 39. Qc7+ {[%eval 0,0]} Ke8 {[%eval 0,0]} 40. Qc8+ {[%eval 0,0]} Ke7 {[%eval 0,0]} 41. Qc7+ {[%eval 3,0]} Ke8 {[%eval 0,0]} 42. Qc8+ {[%eval 0,0]} Ke7 {[%eval 0,0]} 43. Qc7+ {[%eval 8,0]} Ke8 {[%eval 0,0]} 44. Qc8+ {[%eval 4,0]} 1/2-1/2

[Event "Norway Chess 2024"]
[Site "Stavanger, Norway"]
[Date "2024.05.27"]
[Round "1.3"]
[White "Caruana, Fabiano"]
[Black "Nakamura, Hikaru"]
[Result "1/2-1/2"]
[WhiteElo "2805"]
[BlackElo "2794"]
[Annotator "Stockfish 16.1 - Chessbase"]
[PlyCount "60"]
[GameId "2053142232004812"]
[EventDate "2024.??.??"]

1. e4 {[%eval 15,0]} e5 {[%eval 21,0]} 2. Nf3 {[%eval 19,0]} Nc6 {[%eval 19,0]} 3. Bc4 {[%eval 1,0]} Nf6 {[%eval 12,0]} 4. d3 {[%eval 9,0]} h6 {[%eval 27,0]} 5. c3 {[%eval 19,0]} Bc5 {[%eval 33,0]} 6. O-O {[%eval 19,0]} O-O {[%eval 27,0]} 7. Re1 {[%eval 2,0]} d6 {[%eval 2,0]} 8. h3 {[%eval 25,0]} Bb6 {[%eval 23,0]} 9. Nbd2 {[%eval 25,0]} a5 {[%eval 28,0]} 10. Bb5 $146 {[%eval 29,0]} ({RR} 10. Bb3 Be6 11. Bc2 Re8 12. Nf1 d5 13. exd5 Bxd5 14. Ng3 Nd7 15. Be3 a4 16. Bxb6 Nxb6 17. Re3 Re6 18. Qe2 Nd7 19. a3 g6 20. d4 Qe7 21. Be4 {½-½ Nihal,S (2694)-Eljanov,P (2695) Bundesliga 2023-24 Kiel GER (15.6)}) ({RR} 10. Nf1 Be6 11. Bb5 Ne7 12. Ng3 c6 13. Ba4 c5 14. Bb3 Qd7 15. a4 Nc6 16. Bc4 Bc7 17. Nh4 d5 18. exd5 Bxd5 19. Bb5 Rad8 20. Nhf5 Kh7 21. Ne3 Be6 22. Qf3 Nd5 23. Ne4 Qe7 24. Nxd5 Bxd5 {½-½ Tabatabaei,M (2692)-Duda,J (2732) World Blitz 2023 Samarkand UZB (2.3)}) 10... Be6 {[%eval 23,0]} 11. a4 {[%eval 8,0]} Nd7 {[%eval 19,0]} 12. Nc4 {[%eval 24,0]} f5 {[%eval 22,0]} 13. exf5 {[%eval 21,0]} Bxf5 {[%eval 33,0]} 14. d4 {[%eval 29,0]} e4 {[%eval 24,0]} 15. Nh2 {[%eval 23,0]} d5 {[%eval 21,0]} 16. Nxb6 {[%eval 26,0]} Nxb6 {[%eval 21,0]} 17. f3 {[%eval 5,0]} exf3 {[%eval 57,0]} 18. Qxf3 {[%eval 65,0]} Ne7 {[%eval 53,0]} 19. Qg3 {[%eval 52,0]} Ng6 {[%eval 56,0]} 20. Rf1 {[%eval 55,0]} c6 {[%eval 77,0]} 21. Rxf5 {[%eval 102,0]} Rxf5 {[%eval 79,0]} 22. Bd3 $6 {[%eval 3,0] Inaccuracy. Ng4 was best.} (22. Ng4 Kh8) 22... Qh4 {[%eval 7,0]} 23. Qxg6 {[%eval 4,0]} Qf2+ {[%eval 8,0]} 24. Kh1 {[%eval 5,0]} Qe1+ {[%eval 8,0]} 25. Nf1 {[%eval 5,0]} Rxf1+ {[%eval 4,0]} 26. Bxf1 {[%eval 5,0]} Qxf1+ {[%eval 9,0]} 27. Kh2 {[%eval 5,0]} Qf7 {[%eval 1,0]} 28. Qg3 {[%eval 1,0]} Kh7 {[%eval 7,0]} 29. Bf4 {[%eval 12,0]} Re8 {[%eval 8,0]} 30. b3 {[%eval 0,0]} Re6 {[%eval 17,0]} 1/2-1/2

[Event "Norway Chess 2024"]
[Site "Stavanger, Norway"]
[Date "2024.05.27"]
[Round "2.1"]
[White "Ding, Liren"]
[Black "Carlsen, Magnus"]
[Result "1/2-1/2"]
[WhiteElo "2762"]
[BlackElo "2830"]
[Annotator "Stockfish 16.1 - Chessbase"]
[PlyCount "129"]
[GameId "2053142232123597"]
[EventDate "2024.??.??"]

1. c4 {[%eval 13,0]} e5 {[%eval 11,0]} 2. g3 {[%eval 16,0]} Nf6 {[%eval 25,0]} 3. Bg2 {[%eval 16,0]} h6 {[%eval 27,0]} 4. Nc3 {[%eval 25,0]} ({RR} 4. d3 Bb4+ 5. Bd2 Bxd2+ 6. Qxd2 O-O 7. Nf3 Re8 8. O-O c6 9. c5 b6 10. Rc1 bxc5 11. Rxc5 e4 12. Ne1 Qb6 13. d4 Na6 14. Rc1 Rb8 15. b3 Nb4 16. Nc3 d6 17. Nc2 a5 18. Ne3 Ba6 {1-0 Fedoseev,V (2683)-Ivic,V (2570) World Blitz 2023 Samarkand UZB (9.21)}) 4... Bb4 {[%eval 17,0]} 5. e4 {[%eval 17,0]} d6 {[%eval 24,0]} ({RR} 5... Bxc3 {RR} 6. bxc3 d6 7. Ne2 O-O 8. O-O b6 9. f4 Ba6 10. d3 Nc6 11. h3 Nd7 12. a4 Nc5 13. f5 f6 14. g4 Kf7 15. Ng3 Na5 16. Ra3 Qd7 17. h4 Rh8 18. Rf2 Rad8 19. Bf3 Bb7 20. g5) 6. Nge2 {[%eval 19,0]} Bc5 $146 {[%eval 57,0]} ({RR} 6... Nc6 7. O-O ({RR} 7. h3 Bc5 8. d3 O-O ({RR} 8... Nh7 9. a3 a6 10. O-O Ng5 11. Kh2 Ne6 12. f4 Bd7 13. b4 Ba7 14. Nd5 Ned4 15. Nec3 Be6 16. f5 Bd7 17. Rb1 Nb8 18. c5 ({RR} 18. Qg4 Kf8) 18... dxc5 19. bxc5 Bc8 20. Qh5 ({RR} 20. Qg4 Kf8 ({RR} 20... g5 21. Qh5 c6 22. Bxg5 Qxg5 23. Nc7+ ({RR} 23. Qxg5 hxg5 24. Nc7+ Kd8 25. Nxa8 Bxc5 26. Nb6 Bxb6 27. Rxb6 Nb5) 23... Ke7 ({RR} 23... Kd8 24. Qxf7 Rg8 25. g4) 24. Qxg5+ hxg5 25. Nxa8 Bxc5 26. Na4) ({RR} 20... g6 21. Rxb7 h5 22. Qg5 Qxg5 ({RR} 22... Bxb7 23. Nf6+ Ke7 24. fxg6) 23. Nxc7+ Kd7 24. Nxa8+ Bxb7 25. Bxg5 Bxa8 26. fxg6) 21. Qh5 Nd7 ({RR} 21... f6 22. Nxf6 Qxf6 ({RR} 22... gxf6 23. Bxh6+ Rxh6 24. Qxh6+ Kg8 25. Nd5 Nd7 26. Qg6+ Kh8 27. Qh5+ Kg8 28. g4 c6 29. g5 cxd5 30. exd5 Qf8 31. d6) 23. Nd5 Qf7 ({RR} 23... Qd8 24. f6) 24. Qxf7+ Kxf7 25. Nxc7 Bxc5 26. Nxa8) ({RR} 21... Nbc6 22. f6 g6 23. Bxh6+ Ke8 24. Qxg6 fxg6 25. f7+ Kd7 26. f8=Q Rxf8 27. Rxf8 Qxf8 28. Bxf8 Ne6 29. Rf1) ({RR} 21... Bxc5 22. f6 g6 23. Qxe5) 22. f6 g6 23. Bxh6+ Ke8 24. Qxg6)) 9. Na4 ({RR} 9. O-O Be6) 9... Nd4 10. Nxc5 dxc5 11. O-O Qd6 12. Nxd4 cxd4 13. f4 Nd7 14. f5 f6 15. h4 a5 16. g4 Ra6 17. Rf3 Rf7 18. Rg3 Nf8 19. g5 fxg5 20. hxg5 hxg5 21. Bxg5 Nh7) ({RR} 7. a3 Bc5 ({RR} 7... Bxc3 8. Nxc3 Be6 9. d3 Qd7 10. h3 g5 11. Nd5 Bxd5 12. cxd5 Nd4 13. Be3 O-O-O 14. Rc1 Kb8 15. Bxd4 exd4 16. Rc4 h5 17. Rxd4 h4 18. g4 Qe7 19. Qd2 Qe5 20. Qe3 Rhe8 21. O-O Rc8) 8. b4 Bb6 9. h3 a5 10. Rb1 O-O 11. O-O Nh7 12. Nd5 Ba7 13. b5 Ne7 14. d4 Nxd5 15. cxd5 f5 16. Bb2 fxe4 17. dxe5 dxe5 18. Bxe5 Ng5 19. Nf4 Qe7 20. Ng6 Qe8 21. Nxf8 Qxe5) 7... Bg4 8. d3 Qd7 9. Be3 Bc5 10. Qd2 h5 11. f3 Bh3 12. Nd5 Bxg2 13. Kxg2 Nxd5 14. cxd5 Bxe3 15. Qxe3 Nb4 16. Qd2 Qb5 17. d4 h4 18. a4 Qd3 19. Qxd3 Nxd3 20. Ra3 hxg3 21. hxg3 {½-½ Visakh N R (2506)-Aditya Mittal (2607) Dubai Police Global Chess Challenge 202 Dubai Police Officers Club, A 2024 (6.2)}) ({RR} 6... Nc6 7. O-O Bg4 8. d3 Qd7 9. Be3 Bc5 10. Qd2 h5 11. f3 Bh3 12. Nd5 Bxg2 13. Kxg2 Nxd5 14. cxd5 Bxe3 15. Qxe3 Nb4 16. Qd2 Qb5 17. d4 h4 18. a4 Qd3 19. Qxd3 Nxd3 20. Ra3 hxg3 21. hxg3 {½-½ Visakh,N (2511)-Aditya,M (2608) Dubai Police Open A 2024 Dubai UAE (6.2)}) 7. h3 {[%eval 2,0]} a5 {[%eval 68,0]} 8. O-O {[%eval 32,0]} Nc6 {[%eval 27,0]} 9. d3 {[%eval 23,0]} Nh7 {[%eval 45,0]} 10. Kh2 {[%eval 41,0]} Nf8 {[%eval 58,0]} 11. f4 {[%eval 62,0]} Ne6 {[%eval 75,0]} 12. f5 {[%eval 51,0]} Ned4 {[%eval 49,0]} 13. Nxd4 {[%eval 38,0]} Nxd4 {[%eval 41,0]} 14. Rb1 {[%eval 32,0]} Bd7 {[%eval 37,0]} 15. b3 {[%eval 15,0]} b5 {[%eval 21,0]} 16. Qg4 {[%eval 6,0]} Kf8 {[%eval 2,0]} 17. Qh5 {[%eval 46,0]} f6 {[%eval 3,0]} 18. Qd1 {[%eval 58,0]} b4 {[%eval 75,0]} 19. Na4 {[%eval 98,0]} Ba7 {[%eval 9,0]} 20. Bf3 {[%eval 87,0]} Nxf3+ {[%eval 38,0]} 21. Rxf3 {[%eval 32,0]} Qe8 {[%eval 25,0]} 22. g4 {[%eval 6,0]} Bd4 {[%eval 59,0]} 23. Be3 {[%eval 55,0]} Bxe3 {[%eval 48,0]} 24. Rxe3 {[%eval 51,0]} Bxa4 {[%eval 3,0]} 25. bxa4 {[%eval 37,0]} c5 {[%eval 1,0]} 26. h4 {[%eval 8,0]} Ke7 {[%eval 12,0]} 27. Rh3 {[%eval 0,0]} Kd8 {[%eval 8,0]} 28. Qc2 {[%eval 3,0]} Kc7 {[%eval 7,0]} 29. Rg1 {[%eval 9,0]} Kb6 {[%eval 7,0]} 30. Rgg3 {[%eval 0,0]} Qe7 {[%eval 5,0]} 31. Kg2 {[%eval 4,0]} Rh7 {[%eval 0,0]} 32. Kf2 {[%eval 7,0]} Rah8 {[%eval 1,0]} 33. Ke1 {[%eval 21,0]} Qe8 {[%eval 16,0]} 34. Kd1 {[%eval 34,0]} Ka6 {[%eval 2,0]} 35. Kc1 {[%eval 6,0]} Kb6 {[%eval 5,0]} 36. Kb2 {[%eval 1,0]} Ka6 {[%eval 0,0]} 37. Kb3 {[%eval 5,0]} Kb6 {[%eval 0,0]} 38. Qh2 {[%eval 1,0]} Qg8 {[%eval 2,0]} 39. Qg2 {[%eval 12,0]} Qd8 {[%eval 14,0]} 40. Qf3 {[%eval 4,0]} Qe8 {[%eval 2,0]} 41. Rh1 {[%eval 8,0]} Qd8 {[%eval 0,0]} 42. Rhg1 {[%eval 1,0]} Qe8 {[%eval 1,0]} 43. Rh3 {[%eval 5,0]} Qd8 {[%eval 0,0]} 44. Rgh1 {[%eval 0,0]} Qg8 {[%eval 2,0]} 45. Qg3 {[%eval 0,0]} Ka6 {[%eval 0,0]} 46. g5 {[%eval 0,0]} hxg5 {[%eval 0,0]} 47. hxg5 {[%eval 0,0]} Rxh3 {[%eval 0,0]} 48. Rxh3 {[%eval 0,0]} fxg5 {[%eval 0,0]} 49. Rxh8 {[%eval 0,0]} Qxh8 {[%eval 0,0]} 50. Qxg5 {[%eval 3,0]} Qh1 {[%eval 0,0]} 51. Kc2 {[%eval 0,0]} Qa1 {[%eval 3,0]} 52. Qd8 {[%eval 8,0]} Qc3+ {[%eval 15,0]} 53. Kb1 {[%eval 17,0]} Qxd3+ {[%eval 2,0]} 54. Kb2 {[%eval 28,0]} Qd4+ {[%eval 38,0]} 55. Kb1 {[%eval 44,0]} Qxe4+ {[%eval 0,0]} 56. Kb2 {[%eval 0,0]} Qc6 {[%eval 0,0]} 57. Qe7 {[%eval 7,0]} Qg2+ {[%eval 17,0]} 58. Kb1 {[%eval 0,0]} Qe4+ {[%eval 0,0]} 59. Kb2 {[%eval 0,0]} Qd4+ {[%eval 0,0]} 60. Kb1 {[%eval 1,0]} e4 {[%eval 0,0]} 61. Qd7 {[%eval 0,0]} Qd3+ {[%eval 0,0]} 62. Kb2 {[%eval 0,0]} Qd2+ {[%eval 0,0]} 63. Kb1 {[%eval 0,0]} Qd1+ {[%eval 0,0]} 64. Kb2 {[%eval 0,0]} Qd2+ {[%eval 0,0]} 65. Kb1 {[%eval 0,0]} 1/2-1/2

[Event "Norway Chess 2024"]
[Site "Stavanger, Norway"]
[Date "2024.05.27"]
[Round "2.2"]
[White "Praggnanandhaa R"]
[Black "Firouzja, Alireza"]
[Result "1-0"]
[WhiteElo "2747"]
[BlackElo "2737"]
[Annotator "Stockfish 16.1 - Chessbase"]
[PlyCount "76"]
[GameId "2053142232123598"]
[EventDate "2024.??.??"]

1. d4 {[%eval 14,0]} d5 {[%eval 24,0]} 2. Nf3 {[%eval 2,0]} Nf6 {[%eval 14,0]} 3. c3 {[%eval 0,0]} c6 {[%eval 11,0]} 4. Qc2 {[%eval 3,0]} Ne4 $146 {[%eval 2,0]} ({RR} 4... g6 5. Bf4 Bf5 6. Qb3 Qb6 7. Nbd2 Nbd7 8. h3 Bg7 9. g4 Be4 10. Nxe4 Nxe4 11. g5 Qxb3 12. axb3 h6 13. b4 hxg5 14. Nxg5 Nxg5 15. Bxg5 Bh6 16. Bd2 Bxd2+ 17. Kxd2 a6 18. Bg2 O-O-O 19. f4 {0-1 Rosenberg,E (1932)-Estrada Nieto,J (2199) Titled Tue 9th Jan Early chess.com INT 2024 (9)}) ({RR} 4... g6 5. Bf4 Bg7 6. e3 O-O 7. h3 b6 8. Be2 Ba6 9. Bxa6 Nxa6 10. O-O Nb8 11. c4 c5 12. dxc5 bxc5 13. Rd1 e6 14. cxd5 Nxd5 15. Nc3 Na6 16. Bg5 Qb6 17. Rab1 Nab4 18. Qb3 Nxc3 19. bxc3 {1-0 Hakobyan,A (2619)-Malakhov,V (2648) Titled Tue 30th Jan Late chess.com INT 2024 (6)}) ({RR} 4... g6 5. Bf4 Nh5 6. e3 Nxf4 7. exf4 Qd6 8. g3 Bf5 9. Bd3 Qe6+ 10. Kf1 Bh3+ 11. Kg1 Bh6 12. Nbd2 Bxf4 13. Re1 Qd7 14. Nb3 Bd6 15. Qd2 Bf5 16. Kg2 Bxd3 17. Qxd3 Qc7 18. h4 h5 19. Ng5 {0-1 Shimanov,A (2578)-Antipov,M (2585) Chessable Play-In Match D2 chess.com INT 2024 (1.1)}) ({RR} 4... g6 5. h3 Bf5 6. Qb3 Qb6 7. Bf4 Nbd7 8. Nbd2 Bg7 9. g4 Be4 10. g5 Nh5 11. Bh2 O-O 12. e3 Rfe8 13. Nxe4 dxe4 14. Nd2 e5 15. Bg2 exd4 16. cxd4 Qxb3 17. axb3 f5 18. gxf6 Nhxf6 19. Ke2 {1-0 Prohaszka,P (2578)-Garrido,D (2230) Titled Tue 30th Jan Early chess.com INT 2024 (1)}) 5. g3 {[%eval 0,0]} h6 {[%eval 0,0]} 6. c4 {[%eval 9,0]} Bf5 {[%eval 21,0]} 7. Qb3 {[%eval 25,0]} Qb6 {[%eval 8,0]} 8. c5 {[%eval 51,0]} Qxb3 {[%eval 53,0]} 9. axb3 {[%eval 55,0]} Na6 {[%eval 44,0]} 10. Bd2 {[%eval 47,0]} Nxd2 {[%eval 46,0]} 11. Kxd2 {[%eval 31,0]} Nc7 {[%eval 14,0]} 12. Nc3 {[%eval 18,0]} g5 {[%eval 24,0]} 13. e3 {[%eval 18,0]} Bg7 {[%eval 21,0]} 14. b4 {[%eval 27,0]} a6 {[%eval 12,0]} 15. Bd3 {[%eval 8,0]} Bg4 {[%eval 15,0]} 16. Ne5 {[%eval 28,0]} Bxe5 {[%eval 35,0]} 17. dxe5 {[%eval 33,0]} O-O-O {[%eval 9,0]} 18. Ne2 {[%eval 6,0]} Bxe2 {[%eval 0,0]} 19. Kxe2 {[%eval 3,0]} f6 $6 {[%eval 76,0] Inaccuracy. Rdg8 was best.} (19... Rdg8 20. f4) 20. exf6 {[%eval 64,0]} exf6 {[%eval 6,0]} 21. h4 {[%eval 61,0]} Kb8 {[%eval 101,0]} 22. hxg5 {[%eval 98,0]} hxg5 {[%eval 84,0]} 23. Kf3 {[%eval 94,0]} Ne6 {[%eval 96,0]} 24. Kg4 {[%eval 104,0]} Ng7 {[%eval 72,0]} 25. Rad1 {[%eval 79,0]} Rdf8 {[%eval 73,0]} 26. Bf5 {[%eval 84,0]} Re8 $6 {[%eval 197,0] Inaccuracy. b6 was best.} (26... b6) 27. Bg6 {[%eval 194,0]} Ref8 {[%eval 199,0]} 28. Rxh8 {[%eval 196,0]} Rxh8 {[%eval 108,0]} 29. e4 {[%eval 201,0]} Rd8 {[%eval 196,0]} 30. Rd3 {[%eval 182,0]} Kc7 {[%eval 228,0]} 31. Rf3 {[%eval 213,0]} d4 {[%eval 246,0]} 32. Rxf6 {[%eval 205,0]} d3 {[%eval 235,0]} 33. Rf7+ {[%eval 239,0]} Kb8 {[%eval 234,0]} 34. e5 {[%eval 221,0]} Ne6 {[%eval 203,0]} 35. Kf5 {[%eval 218,0]} Nd4+ $2 {[%eval 378,0] Mistake. Nc7 was best.} (35... Nc7 36. Bh5) 36. Kf6 {[%eval 371,0]} d2 {[%eval 388,0]} 37. Bh5 {[%eval 367,0]} Rh8 {[%eval 439,0]} 38. Bg4 {[%eval 407,0]} Rh2 {[%eval 453,0]} 1-0

[Event "Norway Chess 2024"]
[Site "Stavanger, Norway"]
[Date "2024.05.27"]
[Round "2.3"]
[White "Caruana, Fabiano"]
[Black "Nakamura, Hikaru"]
[Result "0-1"]
[WhiteElo "2805"]
[BlackElo "2794"]
[Annotator "Stockfish 16.1 - Chessbase"]
[PlyCount "76"]
[GameId "2053142232127695"]
[EventDate "2024.??.??"]

1. e4 {[%eval 15,0]} c5 {[%eval 25,0]} 2. Nf3 {[%eval 25,0]} d6 {[%eval 27,0]} 3. d4 {[%eval 31,0]} cxd4 {[%eval 28,0]} 4. Nxd4 {[%eval 33,0]} Nf6 {[%eval 24,0]} 5. Nc3 {[%eval 29,0]} e5 {[%eval 41,0]} 6. Bb5+ {[%eval 41,0]} Nbd7 {[%eval 47,0]} 7. Nf5 {[%eval 58,0]} a6 {[%eval 44,0]} 8. Be2 {[%eval 44,0]} Nc5 {[%eval 72,0]} 9. Ng3 {[%eval 23,0]} b5 $146 {[%eval 52,0]} ({RR} 9... h6 10. a4 Be7 11. a5 O-O 12. Be3 Be6 13. b4 Ncd7 14. Nd5 Bxd5 15. exd5 Ne8 16. Nf5 Bg5 17. Qd2 Bxe3 18. Qxe3 Qf6 19. Ng3 Qh4 20. Nf5 Qxb4+ 21. Qd2 Qe4 22. Ng3 Qg6 23. Rb1 Nc5 24. O-O {0-1 De Boer,E (2395)-Gokerkan,C (2523) Titled Tue 19th Mar Late chess.com INT 2024 (3)}) 10. a3 {[%eval 12,0]} Be7 {[%eval 27,0]} 11. O-O {[%eval 3,0]} O-O {[%eval 28,0]} 12. Be3 {[%eval 17,0]} Bb7 {[%eval 15,0]} 13. Bf3 {[%eval 19,0]} g6 {[%eval 21,0]} 14. Qd2 {[%eval 45,0]} h5 {[%eval 51,0]} 15. Bh6 {[%eval 63,0]} Re8 {[%eval 59,0]} 16. Rfe1 {[%eval 85,0]} Ne6 {[%eval 89,0]} 17. Rad1 {[%eval 85,0]} Nd4 $6 {[%eval 1,0] Inaccuracy. Nh7 was best.} (17... Nh7 18. Nf1 Nd4 19. Be2 Ng5 20. Bxg5 Bxg5 21. Qd3 Rc8 22. Nd2 Kg7 23. Nb3) 18. Nf5 {[%eval 1,0]} Nxf5 {[%eval 54,0]} 19. exf5 {[%eval 49,0]} Bxf3 {[%eval 4,0]} 20. gxf3 {[%eval 5,0]} Qc8 {[%eval 52,0]} 21. fxg6 {[%eval 48,0]} fxg6 {[%eval 49,0]} 22. Bg5 {[%eval 5,0]} Qf5 {[%eval 52,0]} 23. Bxf6 {[%eval 51,0]} Qxf6 {[%eval 5,0]} 24. Nd5 {[%eval 0,0]} Qxf3 {[%eval 0,0]} 25. Re3 {[%eval 0,0]} Qf7 {[%eval 0,0]} 26. Rg3 {[%eval 49,0]} Bh4 {[%eval 52,0]} 27. Rg2 $6 {[%eval -47,0] Inaccuracy. Rh3 was best.} (27. Rh3 Bd8 28. Nc3 Rf8 29. Ne4 Be7 30. Qh6 h4 31. Rhd3 Rad8 32. f3 Qe6) 27... Kh7 {[%eval -68,0]} 28. Nc3 {[%eval -24,0]} e4 $6 {[%eval -88,0] Inaccuracy. Rad8 was best.} (28... Rad8 29. Qd5 Rf8 30. Ne4 Kh6 31. Qd2+ Qf4 32. Qd5 Qf3 33. Re1 Qf7 34. Qd2+) 29. Qe2 $2 {[%eval -163,0] Mistake. Qe3 was best.} (29. Qe3 Re6 30. Nxe4 Rae8 31. f3 d5 32. Ng5+ Bxg5 33. Qxg5 Re5 34. Qg3 Rf5) 29... Qf3 {[%eval -168,0]} 30. Rxd6 {[%eval -139,0]} Rad8 {[%eval -194,0]} 31. Rxd8 $6 {[%eval -234,0] Inaccuracy. Qd2 was best.} (31. Qd2 e3 32. fxe3 Bg5 33. Kh1 Rxe3 34. Rxd8 Bxd8 35. Ne2 Qe4 36. Ng1 Re1) 31... Rxd8 {[%eval -236,0]} 32. Kf1 $6 {[%eval -318,0] Inaccuracy. h3 was best.} (32. h3 Qxe2 33. Nxe2 Rd1+ 34. Kh2 Bf6 35. Kg3 Bxb2 36. Kf4 Rd2 37. Ng3 Rxc2) 32... Qf4 $4 {[%eval -5,0] Blunder. a5 was best.} (32... a5 33. Qe3 b4 34. axb4 axb4 35. Qa7+ Kh6 36. Qe3+ Qxe3 37. fxe3 bxc3 38. bxc3) 33. Qe3 {[%eval -16,0]} Qf3 {[%eval -24,0]} 34. h3 {[%eval -18,0]} Rd6 $6 {[%eval 78,0] Inaccuracy. Kg7 was best.} (34... Kg7) 35. Rg1 $4 {[%eval -236,0] Blunder. Kg1 was best.} (35. Kg1 Qxe3 36. fxe3 Bf6 37. Nxe4 Rd1+ 38. Kf2 Bxb2 39. Rg5 Bxa3 40. Re5 Rc1) 35... a5 {[%eval -246,0]} 36. b4 {[%eval -246,0]} axb4 {[%eval -204,0]} 37. axb4 {[%eval -234,0]} Bf6 $4 {[%eval 1,0] Blunder. Ra6 was best.} (37... Ra6 38. Qxf3 exf3 39. Ke1 Rc6 40. Kd2 Bxf2 41. Rf1 Rd6+ 42. Kc1 Be3+ 43. Kb2) 38. Qxe4 $4 {[%eval -436,0] Blunder. Rg3 was best.} (38. Rg3 Qxe3 39. Rxe3 Bxc3 40. Rxc3 Rd4 41. Rc7+ Kh6 42. c3 Rd1+ 43. Kg2 Rd3) 38... Rd1+ {[%eval -454,0]} 0-1